01347nam a2200241Ia 4500001001100000003001000011008004100021040002500062041001300087100002700100245007400127250001100201260006100212300001100273500022800284501011400512520022800626650003400854942000700888957000600895999004200901952016200943L240-12509IT-CnALBA170116s9999||||xx |||||||||||||| ||und|| aIT-CnALBAcIT-CnALBA aITALIANO aLEONELLI DON ANTONINO. 0a... PER ELENA E PAOLA. - MEDITAZIONI PER RAGAZZE DAI 13 AI 16 ANNI.  a3a ed. aFOSSANO (CN)bESPERIENZE EDITRICE c1964 [1° Ed.: n.d.] a96 p.  aMEDITAZIONI PER L'ADOLESCENZA. LA COSTRUZIONE DELLA PERSONALITÀ. TAVOLE FUORI TESTO BIANCO E NERO. PROGETTO FONDAMENTO. L'AVERE, L'ESSERE. MASCHERE E PROGRESSO. CAPRICCIO. MODA. RINASCITA. FEDELTÀ. PADRE NOSTRO. MADRE.  aSocietà San Paolo EM - Piazza San Paolo, 14 - 12051 ALBA (CN) (non commercial uses only) ® Copyright 2017 aMEDITAZIONI PER L'ADOLESCENZA. LA COSTRUZIONE DELLA PERSONALITÀ. TAVOLE FUORI TESTO BIANCO E NERO. PROGETTO FONDAMENTO. L'AVERE, L'ESSERE. MASCHERE E PROGRESSO. CAPRICCIO. MODA. RINASCITA. FEDELTÀ. PADRE NOSTRO. MADRE.  aTEOLOGIA SPIRITUALE CRISTIANA cBK 71 a17262bNOg Copie: 1 c271685d271685 0010406L_2401250971aALBAbALBAd2017-01-16l0oL240-12509r2017-01-16 00:00:00w2017-01-16yBKz(data import: 16 gennaio 2017) - By Epidotti, Vaglietti.